Xác suất và thống kê trong kỹ thuật hệ thống công nghiệp

में बचाया:
ग्रंथसूची विवरण
मुख्य लेखक: Hồ, Thanh Phong
स्वरूप: पुस्तक
भाषा:Undetermined
प्रकाशित: Thành phố Hồ Chí Minh Nxb. Đại học Quốc gia Thành phố Hồ Chí Minh 2002
विषय:
टैग : टैग जोड़ें
कोई टैग नहीं, इस रिकॉर्ड को टैग करने वाले पहले व्यक्ति बनें!
Thư viện lưu trữ: Trung tâm Học liệu Trường Đại học Cần Thơ
LEADER 00627nam a2200169Ia 4500
001 CTU_48562
008 210402s9999 xx 000 0 und d
082 |a 330.015195 
082 |b Ph431 
100 |a Hồ, Thanh Phong 
245 0 |a Xác suất và thống kê trong kỹ thuật hệ thống công nghiệp 
245 0 |c Hồ Thanh Phong 
260 |a Thành phố Hồ Chí Minh 
260 |b Nxb. Đại học Quốc gia Thành phố Hồ Chí Minh 
260 |c 2002 
650 |a Economics, mathematical,Mathematical statistics 
980 |a Trung tâm Học liệu Trường Đại học Cần Thơ